Ping pong

Bibliographic Details
Main Author: Ahmad Wafi
Format: Book
Published: Kuala Lumpur : Goodmark Enterprise , 1995
Series:Siri ke arah bintang sukan
Subjects:

MARC

LEADER 00000cam a2200000 7i4500
001 0000007002
002 000007539
005 20000330.0
020 |a 9830570908 
090 0 0 |a 796.346   |b AHM 
100 0 |a Ahmad Wafi 
245 1 0 |a Ping pong   |c Ahmad Wafi 
260 |a Kuala Lumpur :   |b Goodmark Enterprise ,   |c 1995 
300 |a 125p. :   |b ill ;   |c 25cm. 
490 0 |a Siri ke arah bintang sukan 
650 0 0 |a Pingpong 
999 |a 051130   |b BUKU   |c PINJAMAN   |e PERPUSTAKAAN KOMUNITI PETALING JAYA